|
|
|
|
| LEADER |
00000nam a22000007a 4500 |
| 005 |
20150519000838.0 |
| 007 |
cr|||| |||| |
| 008 |
150519s2013 es |||||s|||| 00||0 spa d |
| 020 |
|
|
|a 978Ư-84Ư-9961Ư-127
|
| 035 |
|
|
|a 12706
|
| 040 |
|
|
|a vLex
|
| 090 |
|
|
|c 5444
|d 5444
|
| 100 |
1 |
|
|a Marn̕ Calero, Carlos
|
| 245 |
1 |
3 |
|a El derecho a la propia discapacidad
|h [Recurso electrn̤ico] :
|b El rǧimen de la discapacidad de obrar /
|c Carlos Marn̕ Calero
|
| 256 |
|
|
|a Servicio en ln̕ea
|
| 260 |
|
|
|a Madrid:
|b Editorial Universitaria Ramn̤ Areces,
|c 2013
|
| 300 |
|
|
|a 1 recurso electrn̤ico
|
| 500 |
|
|
|a El props̤ito de este estudio est ̀centrado en el derecho que tienen las personas con discapacidad intelectual a ejercer por s ̕los propios derechos. El autor no se limita a poner de manifiesto los peligros o los que considera inaceptables prejuicios, sino que propone soluciones y acciones positivas para convencer de la conveniencia de que el Gobierno o el legislador hagan suyos los textos articulados que constan como anexos al final de este libro, en los que ha intentado condensar lo que los Poderes Pb︢licos deben hacer para aplicar correctamente la convencin̤ internacional del aǫ 2006, en el bien entendido de que defiende que estas propuestas de normas como todo el ordenamiento jurd̕ico, deben ser tratadas como herramientas o instrumentos prc̀ticos, vl̀idos, no tanto por s ̕mismos, sino por su capacidad cierta de ayudar a las personas con discapacidad intelectual y a las que las apoyan y educan a afrontar y resolver sus problemas vitales.
|
| 506 |
1 |
|
|a Disponible solo en los productos indicados
|d vLex Global
|d vLex Global (Academic Edition, excluding Law Schools)
|d vLex Global (U.S. Academic Edition, Law Schools)
|d vLex Global (U.S. Academic Edition, excluding Law Schools)
|d vLex Global (Academic Edition, Law Schools)
|
| 650 |
0 |
4 |
|a Derecho Civil
|z Espaą
|
| 740 |
0 |
|
|a vLex Libros (Servicio en ln̕ea)
|
| 856 |
4 |
0 |
|u http://vlex.com/source/derecho-a-la-propia-discapacidad-el-regimen-de-la-discapacidad-de-obrar-12706
|z Acceso restringido
|
| 942 |
|
|
|c BOOK
|
| 999 |
0 |
|
|a Civil Law
|